I am Rosa Parks / (Record no. 3592)

MARC details
000 -LEADER
fixed length control field 00973nam a22002897a 4500
001 - CONTROL NUMBER
control field 3592
003 - CONTROL NUMBER IDENTIFIER
control field FISKH
005 - DATE AND TIME OF LATEST TRANSACTION
control field 20240321151208.0
008 - FIXED-LENGTH DATA ELEMENTS--GENERAL INFORMATION
fixed length control field 240321b cb ||||| |||| 00| 0 eng d
020 ## - INTERNATIONAL STANDARD BOOK NUMBER
International Standard Book Number 9780141307107
040 ## - CATALOGING SOURCE
Original cataloging agency FISKH
Language of cataloging eng
Transcribing agency FISKH
Modifying agency FISKH
050 ## - LIBRARY OF CONGRESS CALL NUMBER
Classification number F334.M753
082 ## - DEWEY DECIMAL CLASSIFICATION NUMBER
Classification number 976.1
100 ## - MAIN ENTRY--PERSONAL NAME
Personal name Parks, Rosa
Relator term author
245 ## - TITLE STATEMENT
Title I am Rosa Parks /
Statement of responsibility, etc. by Rosa Praks with Jim Haskins ; illustrated by Wil Clay
260 ## - PUBLICATION, DISTRIBUTION, ETC.
Place of publication, distribution, etc. New York :
Name of publisher, distributor, etc. Penguin Group ,
Date of publication, distribution, etc. 1997
300 ## - PHYSICAL DESCRIPTION
Extent 48 pages :
Other physical details color illustrations ;
Dimensions 24 cm .
490 ## - SERIES STATEMENT
Series statement Penguin young readers
Volume/sequential designation Level 4
505 ## - FORMATTED CONTENTS NOTE
Formatted contents note K <br/>
520 ## - SUMMARY, ETC.
Summary, etc. The black woman whose acts of civil disobedience led to the 1956 Supreme Court order to desegregate buses in Montgomery, Alabama, explains what she did and why.
521 8# - TARGET AUDIENCE NOTE
Target audience note 520 <br/>
Source Lexile <br/>
521 8# - TARGET AUDIENCE NOTE
Target audience note K <br/>
Source Raz-Plus <br/>
650 ## - SUBJECT ADDED ENTRY--TOPICAL TERM
Topical term or geographic name entry element African Americans
Form subdivision Non-fiction
700 ## - ADDED ENTRY--PERSONAL NAME
Personal name Clay , Wil
942 ## - ADDED ENTRY ELEMENTS (KOHA)
Source of classification or shelving scheme Dewey Decimal Classification
Koha item type Books
Suppress in OPAC No
Holdings
Withdrawn status Lost status Source of classification or shelving scheme Damaged status Not for loan Collection Home library Current library Shelving location Date acquired Total Checkouts Full call number Barcode Date last seen Price effective from Koha item type
    Dewey Decimal Classification     Non-Fiction Footprints International School Library Network Toul Kork Campus Footprints International School Library Network Toul Tom Poung Campus   03/21/2024   PAR 976.1 F334.M753 FIS03113 06/17/2025 03/21/2024 Books